书目信息 |
| 题名: |
晶体管脉冲电路选集
|
|
| 作者: | 吕广平 编译 | |
| 分册: | ||
| 出版信息: | 北京 地质出版社 1974 |
|
| 页数: | 183页 | |
| 开本: | 26cm | |
| 丛书名: | ||
| 单 册: | ||
| 中图分类: | TN784 | |
| 科图分类: | ||
| 主题词: | 脉冲技术 , 脉冲电路 | |
| 电子资源: | ||
| ISBN: | ||
| 000 | 00584nam0 2200217 45 | |
| 001 | 0405140858 | |
| 005 | 20060112093513.15 | |
| 010 | @dCNY1.10 | |
| 091 | @a15038.新48 | |
| 100 | @a20040514d1974 km y0chiy0120 ea | |
| 101 | 0 | @achi |
| 105 | @aa z 000yy | |
| 200 | 1 | @a晶体管脉冲电路选集@AJing Ti Guan Mai Chong Dian Lu Xuan Ji@f吕广平编译@FLu Guang Ping Bian Yi |
| 210 | @a北京@c地质出版社@d1974 | |
| 215 | @a183页@d26cm | |
| 606 | 0 | @a脉冲技术 |
| 606 | 0 | @a脉冲电路 |
| 690 | @aTN784@v3 | |
| 701 | 0 | @a吕广平@4编译 |
| 801 | @aCN@bTSTCL@c20060112 | |
| 905 | @f1@b3091@dTN784@e1 | |
| 晶体管脉冲电路选集/吕广平编译.-北京:地质出版社,1974 |
| 183页;26cm |
| ISBN :CNY1.10 |
| ● |
| 相关链接 |
|
|
|
|
正题名:晶体管脉冲电路选集
索取号:TN784/1
 
预约/预借
| 序号 | 登录号 | 条形码 | 馆藏地/架位号 | 状态 | 备注 |
| 1 | 0003090 | 000700548 | 密集书库/ [索取号:TN784/1] | 在馆 | |
| 2 | 0003091 | 001320564 | 第三借阅区/ [索取号:TN784/1] | 在馆 |